Statistics for Models of car brands

Click here to take the quiz!

General Stats

  • This quiz has been taken 399 times
  • The average score is 24 of 40

Answer Stats

Hint Answer % Correct
FocusFord
100%
CivicHonda
92%
PassatVolkswagen
85%
EnzoFerrari
84%
VeyronBugatti
81%
SLSMercedes-Benz
80%
ImpalaChevrolet
79%
X6BMW
78%
PuntoFiat
78%
NoteNissan
77%
AventadorLamborghini
77%
RS4Audi
76%
DB9Aston Martin
74%
PanameraPorsche
73%
SonataHyundai
71%
AurisToyota
70%
OutbackSubaru
69%
MeganeRenault
68%
AvengerDodge
67%
EliseLotus
66%
308Peugeot
65%
GalantMitsubishi
65%
GiuliettaAlfa Romeo
63%
DefenderLand Rover
62%
OctaviaSkoda
62%
AstraOpel
60%
LeonSeat
60%
VitaraSuzuki
55%
XsaraCitro├źn
50%
DeltaLancia
46%
OpirusKia
43%
CommodoreHolden
41%
93-XSaab
41%
NivaLada
40%
FirebirdPontiac
39%
LoganDacia
38%
SagarisTVR
27%
ZRMG
18%
LavioletteSpyker
12%
A112 AbarthAutobianchi
10%

Score Distribution

Percentile by Number Answered

Percent of People with Each Score

Your Score History

You have not taken this quiz